000 00287nam a22001337a 4500
008 170923b xxu||||| |||| 00| 0 eng d
020 _a2900205648367
041 _aeng
080 _a37
100 _a46
101 _aEDU
245 _aWRITING ARGUMENTS
_cRAMAGE, J.D
942 _2udc
_cBK
999 _c29341
_d29341